000 00591nam a2200181 a 4500
020 _a0333574567
040 _cUk
041 1 _hfre
082 0 0 _a641 PUB 1993 C152 Or.
100 1 _aDegras, Lucien.
245 1 4 _aThe yam :
_ba tropical root crop /
260 _aLondon and Basingstoke :
_bMacmillan ;
_aWageningen, Netherlands :
_bPublished in co-operation with the Technical Centre for Agricultural and Rural Co-operation,
_cc1993.
300 _axv, 408 p. :
_bill., maps ;
_c24 cm.
500 _aTranslation of: L'igname.
650 0 _aYams.
700 1 _aCoste, René.
942 _cAEDBB
999 _c18739
_d18739